|
|
|
|
| LEADER |
00000nab a2200000 a 4500 |
| 001 |
vtls000235436 |
| 003 |
SK-MaSNL |
| 005 |
20260304064703.0 |
| 008 |
250422c1985 xo 0 slo |
| 015 |
|
|
|a SNBRB19rr/mm-uuuuu
|
| 035 |
|
|
|a CL0245550
|
| 035 |
|
|
|a urn:nbn:sk:snk-ab67b
|
| 035 |
|
|
|a (urnnbn)urn:nbn:sk:snk:ar-a04tvy
|
| 035 |
|
|
|a (uuid)8e77c6a3-9d6b-41a0-bd7d-3e53fc1c2a2d
|
| 040 |
|
|
|a SNKBUCL
|b slo
|c SNKBUCL
|e AACR2
|
| 041 |
0 |
|
|a slo
|
| 044 |
|
|
|a xo
|c SK
|
| 080 |
|
|
|a 529.78
|2 1981
|
| 100 |
1 |
|
|a Veselý, J.
|4 aut
|9 271057
|
| 245 |
1 |
0 |
|a Klenot hodinárskeho majstrovstva
|b Astronomické hodiny v Uherskom Brode
|c J. Veselý
|
| 300 |
|
|
|b Fot. 5.
|
| 650 |
0 |
7 |
|a Hvezdáreň (Uherský Brod, Česko)
|2 snkbucl
|9 1352812
|
| 650 |
0 |
7 |
|a orloje
|2 snkbucl
|9 117754
|
| 655 |
|
7 |
|a články z novín a časopisov
|2 snkbucl
|9 267496
|
| 773 |
0 |
|
|t Kozmos
|g Roč. 16, č. 5 (1985), s. 160-161
|
| 850 |
|
|
|a Slovenská národná knižnica
|
| 852 |
|
|
|a Slovenská národná knižnica
|
| 954 |
|
|
|a odborná, vedecká literatúra pôvodná (slovenská)
|2 lita
|
| 958 |
|
|
|a article27
|
| 958 |
|
|
|a OND
|
| 958 |
|
|
|a EUIPO
|
| 992 |
|
|
|a RBX
|
| 999 |
|
|
|c 2747513
|d 2749443
|